Геофизические методы поисков и разведки месторождений рудных полезных ископаемых Сибири: [сборник статей]

書誌詳細
団体著者: Сибирский научно-исследовательский институт геологии, геофизики и минерального сырья (СНИИГГиМС)
その他の著者: Миков Б. Д. (редактор), Ремпель Г. Г.
言語:ロシア語
出版事項: Новосибирск, Изд-во СНИИГГиМС, 1973
シリーズ:Труды Сибирского научно-исследовательского института геологии, геофизики и минерального сырья (СНИИГГиМС) Вып. 172
主題:
フォーマット: 図書
KOHA link:https://koha.lib.tpu.ru/cgi-bin/koha/opac-detail.pl?biblionumber=353548

MARC

LEADER 00000nam0a2200000 4500
001 353548
005 20231102010614.0
035 |a (RuTPU)RU\TPU\retro\10805 
035 |a RU\TPU\retro\10775 
090 |a 353548 
100 |a 20200518d1973 k y0rusy50 ca 
101 0 |a rus 
102 |a RU 
105 |a a z 001zb 
200 1 |a Геофизические методы поисков и разведки месторождений рудных полезных ископаемых Сибири  |e [сборник статей]  |f Сибирский научно-исследовательский институт геологии, геофизики и минерального сырья (СНИИГГиМС) ; под ред. Б. Д. Микова , Г. Г. Ремпель 
210 |a Новосибирск  |c Изд-во СНИИГГиМС  |d 1973 
215 |a 84 с.  |c ил. 
225 1 |a Труды Сибирского научно-исследовательского института геологии, геофизики и минерального сырья (СНИИГГиМС)  |v Вып. 172 
320 |a Библиогр. в конце ст. 
600 1 |a Миков  |b Д. С.  |c геолог, геофизик  |f 1903-1985  |g Дмитрий Степанович  |c профессор Томского политехнического института  |y Томск  |2 stltpush  |3 (RuTPU)RU\TPU\pers\9657 
606 1 |a Геофизические исследования  |x Обработка результатов  |x (поиски и разведка)  |2 stltpush  |3 (RuTPU)RU\TPU\subj\38592  |9 59019 
610 1 |a методика 
610 1 |a результаты 
610 1 |a полиметаллические месторождения 
610 1 |a прогнозные оценки 
610 1 |a горные породы 
610 1 |a железорудные месторождения 
610 1 |a Тунгусская синеклиза 
610 1 |a картирование 
610 1 |a задачи 
610 1 |a решения 
610 1 |a материалы 
610 1 |a обработка 
610 1 |a интерпретация 
610 1 |a экспериментальные исследования 
675 |a 550.83.05  |v 4 
702 1 |a Миков  |b Б. Д.  |4 340 
702 1 |a Ремпель  |b Г. Г.  |4 340 
712 0 2 |a Сибирский научно-исследовательский институт геологии, геофизики и минерального сырья (СНИИГГиМС)  |c (Новосибирск)  |2 stltpush  |3 (RuTPU)RU\TPU\col\322 
801 1 |a RU  |b 63413507  |c 20081209  |g PSBO 
801 2 |a RU  |b 63413507  |c 20200518  |g PSBO 
942 |c BK